Normal view
MARC view
Entry Personal Name
001 - CONTROL NUMBER
- control field: 34069
003 - CONTROL NUMBER IDENTIFIER
- control field: dpl
005 - DATE AND TIME OF LATEST TRANSACTION
- control field: 20110901121655.0
008 - FIXED-LENGTH DATA ELEMENTS
- fixed length control field: 110901|||a|||||| | ||| d
040 ## - CATALOGING SOURCE
- Original cataloging agency: dpl
- Transcribing agency: dpl
100 ## - HEADING--PERSONAL NAME
- Personal name: Bhatia, H.L.
670 ## - SOURCE DATA FOUND
- Source citation: Work cat.: (dpl): Bhatia, H.L. , Public finance /, 2006
670 ## - SOURCE DATA FOUND
- Source citation: Work cat.: (dpl): Bhatia, H.L. , Public finance /, 2006
